Možnosti rozvoja vidieckeho cestovného ruchu vo vybranej lokalite bakalárska práca

Salvato in:
Dettagli Bibliografici
Autore principale: Sipos, Patrik
Ente Autore: Obchodná fakulta EU. Katedra služieb a cestovného ruchu - zrušené
Altri autori: Valenteová, Katarína
Natura: Libro
Lingua:slovacco
Pubblicazione: Bratislava 2017
Tags: Aggiungi Tag
Nessun Tag, puoi essere il primo ad aggiungerne!!

MARC

LEADER 00000nbm a2200000 4500
001 0232837
005 20170807103043.4
041 0 |a slo 
044 |a SK 
245 1 0 |a Možnosti rozvoja vidieckeho cestovného ruchu vo vybranej lokalite  |b bakalárska práca  |c Patrik Sipos ; školiteľ: Katarína Valenteová 
264 1 |a Bratislava  |c 2017 
300 |a 53 s. 
100 1 |a Sipos, Patrik 
700 1 |a Valenteová, Katarína 
710 2 |a Obchodná fakulta EU. Katedra služieb a cestovného ruchu - zrušené